000 01074nam a2200265Ia 4500
003 OSt
005 20221005104115.0
006 a|||||r|||| 00| 0
007 ta
008 221004b |||||||| |||| 00| 0 san d
020 _a9789385538216 (hbk)
_cINR 795.00
024 _a34803
037 _b437/1, 11/09/2017, Vidyanidhi Prakashan
_cTextual
040 _aCRL
_cCRL
_bsan
041 _2san
_asan
082 _aQ1:494, 152Q7
100 _aकपूर, शालिनी, ले.
245 0 _aवैदिक श्रौतयज्ञः सामाजिक एवं राजनैतिक विवेचन
246 _aVaidik shrautayagnah sāmājik evan rājanaitik vivechana
260 _aदिल्ली
_bज्ञानभारती पब्लिकेशन्स भारत
_c2017
300 _a246पृ0
_ccm.
650 _aधर्मशास्त्र
942 _hQ1:494, 152Q7
_cTEXL
_2cc
999 _c1011733
_d1011733